000 00379 a2200109 4500
001 ART_41784
005 20260410161814.0
008 260409a
245 1 0 _aSobre la relación entre la teoría y la práctica en los contenidos de teoría general del derecho
100 1 _aAldao, Martín M.
773 0 _tAcademia
_g- Año 12, Nº 24 (jul./dic. 2014)
_wREV4314
999 _c21703
_d21703